Geography of Brazil - Statistics

General Stats
  • This quiz has been taken 1,811 times
    924 since last reset
  • The average score is 14 of 22
Answer Stats
Question Answer % Correct
What is the capital of Brazil? Brasília
99%
What is the most populous city in Brazil and the Southern Hemisphere? São Paulo
97%
What country shares the longest border with Brazil? Bolivia
89%
Through which of its overseas departments does France share land borders with Brazil? French {Guiana}
84%
What is the smallest country Brazil borders? Suriname
78%
What massive waterfalls are found on the border of Argentina and Brazil? Iguazu Falls
76%
What is the name for a Brazilian shanty town? Favela
75%
What are the two most famous beaches of Rio de Janeiro? Copacabana
74%
What city in the Amazon rainforest was once home to fabulously wealthy rubber barons? Manaus
74%
What are the two most famous beaches of Rio de Janeiro? Ipanema
68%
What Portuguese-language slogan can be seen on Brazil's flag? {Ordem} e Progresso
60%
What is the capital of the state of Minas Gerais? Belo Horizonte
59%
What river makes most of Brazil's border with Argentina? Uruguay River
59%
What city on the Bay of All Saints was formerly the first capital of Brazil? Salvador
54%
What region of fertile grasslands covers the southernmost parts of Brazil? Pampas
53%
What peak in Rio de Janeiro resembles a gumdrop? Sugarloaf Mountain
53%
What Brazilian state has the namesake of the second longest river in South America? Paraná
52%
What is the most populous city located at the mouth of the Amazon river? Belém
44%
What is the southernmost state of Brazil? Rio Grande do Sul
43%
What is the national animal of Brazil? Jaguar
40%
What natural region in Mato Grosso is considered world's largest tropical wetland area? Pantanal
29%
What tributary joins the Amazon river where that city is located? Rio Negro
27%
No matching quizzes found
Score Distribution
Percent of People with Each Score
Percentile by Number Answered
Your Score History
You have not taken this quiz since the last reset